|
|
|
|
| LEADER |
00000nam a22000007a 4500 |
| 005 |
20111107141556.0 |
| 008 |
111107s2009 sp |||||s|||| 00||0 spa d |
| 035 |
|
|
|a 5997
|
| 040 |
|
|
|a vLex
|
| 090 |
|
|
|c 2749
|d 2749
|
| 100 |
1 |
|
|a Candelario Maca̕s, Mara̕ Isabel
|
| 245 |
1 |
0 |
|a Nociones bs̀icas del Derecho del empresario y de la empresa
|h [Recurso electrn̤ico] /
|b Mara̕ Isabel Candelario Maca̕s, Luisa E. Rodrg̕uez Grillo
|
| 256 |
|
|
|a Servicio en ln̕ea.
|
| 260 |
|
|
|a Madrid :
|b Universidad Carlos III de Madrid,
|c 2009
|
| 300 |
|
|
|a 1 recurso electrn̤ico
|
| 506 |
1 |
|
|a Contenido solo disponible en los productos indicados
|d vLex Global
|d vLex Global (Academic Edition, excluding Law Schools)
|d vLex Global (U.S. Academic Edition, Law Schools)
|d vLex Global (U.S. Academic Edition, excluding Law Schools)
|d vLex Global (Academic Edition, Law Schools)
|
| 650 |
0 |
4 |
|a Empresarios
|z Espaą
|
| 650 |
0 |
4 |
|a Derecho mercantil
|z Espaą
|
| 700 |
1 |
|
|a Rodrg̕uez Grillo, Luisa E.
|
| 740 |
0 |
|
|a vLex Libros (Servicio en ln̕ea)
|
| 856 |
4 |
0 |
|u http://vlex.com/source/nociones-basicas-derecho-empresario-empresa-5997
|z Acceso restringido
|
| 942 |
|
|
|c BOOK
|